| 000 -LEADER |
| fixed length control field |
00707cam a22001937a 4500 |
| 020 ## - INTERNATIONAL STANDARD BOOK NUMBER |
| ISBN |
0415170249 |
| 020 ## - INTERNATIONAL STANDARD BOOK NUMBER |
| ISBN |
0415196469 (pbk.) |
| 040 ## - CATALOGING SOURCE |
| Transcribing agency |
UKM |
| 082 00 - DEWEY DECIMAL CLASSIFICATION NUMBER |
| Classification number |
621 ROU 2000 A050 Or. |
| 100 1# - MAIN ENTRY--AUTHOR NAME |
| Personal name |
Gibson, Paul J. |
| 245 10 - TITLE STATEMENT |
| Title |
Introductory remote sensing : |
| Remainder of title |
principles and concepts / |
| 260 ## - PUBLICATION, DISTRIBUTION, ETC. (IMPRINT) |
| Place of publication |
London ; |
| -- |
New York, NY : |
| Name of publisher |
Routledge, |
| Year of publication |
2000. |
| 300 ## - PHYSICAL DESCRIPTION |
| Number of Pages |
xix, 184 p., [8] p. of plates : |
| Other physical details |
ill. (some col.), maps (some col.) ; |
| Dimensions |
25 cm. |
| 500 ## - GENERAL NOTE |
| General note |
Companion textbook to Introductory remote sensing : digital image processing and applications. |
| 650 #0 - SUBJECT ADDED ENTRY--TOPICAL TERM |
| Topical Term |
Remote sensing. |
| 700 1# - ADDED ENTRY--PERSONAL NAME |
| Personal name |
Power, Clare H. |
| 856 42 - ELECTRONIC LOCATION AND ACCESS |
| Uniform Resource Identifier |
http://www.loc.gov/catdir/enhancements/fy0649/2001274294-d.html |
| 942 ## - ADDED ENTRY ELEMENTS (KOHA) |
| Koha item type |
សៀវភៅភាសាអង់គ្លេស |
| 952 ## - LOCATION AND ITEM INFORMATION (KOHA) |
| Withdrawn status [LOCAL, KOHA] |
0 |